000 01135nam a2200325 i 4500
003 EG-GICUC
005 20260511142251.0
008 260511s1962 fr |||fr|||| 000 0 Fre d
040 _aEG-GiCUC
_bfre
_cEG-GiCUC
_dEG-GiCUC
_eRda
041 0 _afre
082 0 4 _a345.5
_bLE . C
_221
092 0 4 _221
099 _aLaw 07 345.5 LE . C 1962
100 1 _aLescuyer, Georges.
_eAuteur
245 1 0 _aLe Contrôle De L'Éta Sur Lex Entrerises Nationalisées :
_nTome XXIII /
_cPar Georges Lescuyer, Marcel Waline; Préface De J. Rivero.
_b
264 1 _aParis :
_bLibrairie Generale De Droit Et De Jurisprudence,
_c1962.
300 _a348 Page ;
_c 24 cm.
336 _2rda contenu
_a texte
337 _2rda medias
_aOrdinateur
338 _2 transporteur rda
_a Ressource en ligne
490 _aBibliothéque De Droit Public
504 _aBibliography: pages 325-338
546 _aTexte en français
650 1 _aDroit Administratif
700 1 _aRivero, J..
_ePréfacier
700 1 _aWaline, Marcel
_eCo-Auteur
856 4 0 _uhttps://fll.law.cu.edu.eg/fulltext/bks/B07-06311.pdf
905 _a64
942 _2ddc
_n0
_cBK
_e21
999 _c76579
_d76579